Environmental science / (Record no. 607)
| 000 -LEADER | |
|---|---|
| fixed length control field | 01009cam a2200301 a 4500 |
| 001 - CONTROL NUMBER | |
| control field | 15833301 |
| 003 - CONTROL NUMBER IDENTIFIER | |
| control field | OSt |
| 005 - DATE AND TIME OF LATEST TRANSACTION | |
| control field | 20140116120833.0 |
| 008 - FIXED-LENGTH DATA ELEMENTS--GENERAL INFORMATION | |
| fixed length control field | 090724s2010 cauab 001 0 eng |
| 010 ## - LIBRARY OF CONGRESS CONTROL NUMBER | |
| LC control number | 2009933440 |
| 020 ## - INTERNATIONAL STANDARD BOOK NUMBER | |
| International Standard Book Number | 9780495560227 |
| 040 ## - CATALOGING SOURCE | |
| Transcribing agency | DLC |
| Modifying agency | DLC |
| 042 ## - AUTHENTICATION CODE | |
| Authentication code | pcc |
| 050 00 - LIBRARY OF CONGRESS CALL NUMBER | |
| Classification number | GE105.M55 2010 |
| 100 1# - MAIN ENTRY--PERSONAL NAME | |
| Personal name | Miller, G. Tyler |
| Fuller form of name | (George Tyler) |
| 245 10 - TITLE STATEMENT | |
| Title | Environmental science / |
| Statement of responsibility, etc | G. Tyler Miller and Scott E. Spoolman. |
| 250 ## - EDITION STATEMENT | |
| Edition statement | 13th ed. |
| 260 ## - PUBLICATION, DISTRIBUTION, ETC. (IMPRINT) | |
| Place of publication, distribution, etc | Australia : |
| Name of publisher, distributor, etc | Brooks/Cole Cengage Learning, |
| Date of publication, distribution, etc | 2010. |
| 300 ## - PHYSICAL DESCRIPTION | |
| Extent | xxi, 452 p. : |
| Other physical details | col. ill., col. maps |
| 500 ## - GENERAL NOTE | |
| General note | Includes index. |
| 650 #0 - SUBJECT ADDED ENTRY--TOPICAL TERM | |
| Topical term or geographic name as entry element | Environmental sciences |
| Form subdivision | Textbooks. |
| 650 #0 - SUBJECT ADDED ENTRY--TOPICAL TERM | |
| Topical term or geographic name as entry element | Human ecology |
| Form subdivision | Textbooks. |
| 650 #0 - SUBJECT ADDED ENTRY--TOPICAL TERM | |
| Topical term or geographic name as entry element | Environmental protection |
| Form subdivision | Textbooks. |
| 700 1# - ADDED ENTRY--PERSONAL NAME | |
| Personal name | Spoolman, Scott. |
| 906 ## - LOCAL DATA ELEMENT F, LDF (RLIN) | |
| a | 7 |
| b | cbc |
| c | orignew |
| d | 2 |
| e | epcn |
| f | 20 |
| g | y-gencatlg |
| 942 ## - ADDED ENTRY ELEMENTS (KOHA) | |
| Source of classification or shelving scheme | |
| Koha item type | Book |
| Withdrawn status | Lost status | Source of classification or shelving scheme | Damaged status | Not for loan | Home library | Current library | Date acquired | Source of acquisition | Total Checkouts | Full call number | Barcode | Checked out | Date last seen | Date checked out | Copy number | Price effective from | Koha item type |
|---|---|---|---|---|---|---|---|---|---|---|---|---|---|---|---|---|---|
| Riara University Library | Riara University Library | 24/10/2011 | Purchase | 2 | GE105.M55 2010 | 1478/11 | 16/10/2024 | 30/09/2024 | 30/09/2024 | C.1 | 24/10/2011 | Book | |||||
| Riara University Library | Riara University Library | 24/10/2011 | Purchase | 2 | GE105.M55 2010 | 1477/11 | 03/12/2018 | 30/11/2018 | C.2 | 24/10/2011 | Book | ||||||
| Riara University Library | Riara University Library | 24/10/2011 | Purchase | 1 | GE105.M55 2010 | 1476/11 | 15/12/2014 | 08/12/2014 | C.3 | 24/10/2011 | Book |
